000 00371nam a22001577a 4500
003 OSt
008 240507b |||||||| |||| 00| 0 eng d
020 _a9789390457151
082 _a005.133 RAC
100 _aRAO, R. Nageswara
245 _aCore Python Programming
250 _a2nd Edition
260 _aNew Delhi
_bDreamtech Press
300 _a765
942 _2ddc
_cBB
999 _c13318
_d13318